In the arena (Record no. 70000)

000 -LEADER
fixed length control field 00404nam a22001697a 4500
003 - CONTROL NUMBER IDENTIFIER
control field NUST - PNEC
005 - DATE AND TIME OF LATEST TRANSACTION
control field 20170116181132.0
008 - FIXED-LENGTH DATA ELEMENTS--GENERAL INFORMATION
fixed length control field 151006b xxu||||| |||| 00| 0 eng d
020 ## - INTERNATIONAL STANDARD BOOK NUMBER
International Standard Book Number -
040 ## - CATALOGING SOURCE
Transcribing agency LIBRARY
082 ## - DEWEY DECIMAL CLASSIFICATION NUMBER
Classification number 923.1 NIX
100 ## - MAIN ENTRY--PERSONAL NAME
9 (RLIN) 14009
Personal name Nixon's, Richard
245 ## - TITLE STATEMENT
Title In the arena
Statement of responsibility, etc. Richard Nixon's
260 ## - PUBLICATION, DISTRIBUTION, ETC.
Date of publication, distribution, etc. -
650 ## - SUBJECT ADDED ENTRY--TOPICAL TERM
9 (RLIN) 14011
Topical term or geographic name entry element In the arena
General subdivision Biography
942 ## - ADDED ENTRY ELEMENTS (KOHA)
Source of classification or shelving scheme
Koha item type Book
Holdings
Withdrawn status Lost status Source of classification or shelving scheme Damaged status Not for loan Permanent Location Current Location Shelving location Date acquired Total Checkouts Full call number Barcode Date last seen Price effective from Koha item type
          Pakistan Navy Engineering College (PNEC) Pakistan Navy Engineering College (PNEC)       923.1 NIX PNECLIB-021200 10/06/2015   Book
© 2023 Central Library, National University of Sciences and Technology. All Rights Reserved.